000 00355nam a2200145 i 4500
001 bg
100 1 _aBOŻYK, Paweł
245 0 _aGospodarka Polski współczesnej /
_cPaweł Bożyk.
260 _aWarszawa :
_bInterpress,
_c1974.
040 _cBPK
041 _apol
080 _a338.22(438)
942 _cKS
008 s pl f |000 0 pol
999 _c26840
_d26840
856 _uhttp://koha.tu.koszalin.pl/cgi-bin/koha/opac-detail.pl?biblionumber=26840
_yKatalog online BPK